The rise of merchant banking

Bibliographic Details
Main Author: Chapman, Stanley.
Corporate Author: ProQuest (Firm)
Format: Electronic eBook
Language:English
Published: London ; New York : Routledge, 2006.
Series:Economic history.
Subjects:
Online Access:Click to View
LEADER 01428nam a2200385 a 4500
001 EBC1144445
003 MiAaPQ
005 20200520144314.0
006 m o d |
007 cr cn|||||||||
008 130315r20061984enk sb 001 0 eng d
020 |z 9780415378635 (hbk.) 
020 |z 9780415489485 (pbk.) 
020 |a 9780203709498 (electronic bk.) 
035 |a (MiAaPQ)EBC1144445 
035 |a (Au-PeEL)EBL1144445 
035 |a (CaPaEBR)ebr10670529 
035 |a (CaONFJC)MIL459963 
035 |a (OCoLC)831119699 
040 |a MiAaPQ  |c MiAaPQ  |d MiAaPQ 
050 4 |a HG1970  |b .C43 2006 
100 1 |a Chapman, Stanley. 
245 1 4 |a The rise of merchant banking  |h [electronic resource] /  |c Stanley Chapman. 
260 |a London ;  |a New York :  |b Routledge,  |c 2006. 
300 |a xi, 224 p. 
490 1 |a Economic history 
490 1 |a Routledge library editions. Economic history 
500 |a Reprint. Originally published: London : G. Allen & Unwin 1984. 
504 |a Includes bibliographical references and indexes. 
533 |a Electronic reproduction. Ann Arbor, MI : ProQuest, 2015. Available via World Wide Web. Access may be limited to ProQuest affiliated libraries. 
650 0 |a Merchant banks  |x History. 
655 4 |a Electronic books. 
710 2 |a ProQuest (Firm) 
830 0 |a Economic history. 
856 4 0 |u https://ebookcentral.proquest.com/lib/matrademy/detail.action?docID=1144445  |z Click to View